Navigational servitudes (Record no. 7163)
[ view plain ]
| 000 -LEADER | |
|---|---|
| fixed length control field | 01918nam a2200373 a 4500 |
| 001 - CONTROL NUMBER | |
| control field | ebr10271015 |
| 003 - CONTROL NUMBER IDENTIFIER | |
| control field | CaPaEBR |
| 006 - FIXED-LENGTH DATA ELEMENTS--ADDITIONAL MATERIAL CHARACTERISTICS--GENERAL INFORMATION | |
| fixed length control field | m u |
| 007 - PHYSICAL DESCRIPTION FIXED FIELD--GENERAL INFORMATION | |
| fixed length control field | cr cn||||||||| |
| 008 - FIXED-LENGTH DATA ELEMENTS--GENERAL INFORMATION | |
| fixed length control field | 070703s2007 ne sb 001 0 eng |
| 010 ## - LIBRARY OF CONGRESS CONTROL NUMBER | |
| Canceled/invalid LC control number | 2007027841 |
| 020 ## - INTERNATIONAL STANDARD BOOK NUMBER | |
| Cancelled/invalid ISBN | 9789004161559 (alk. paper) |
| Cancelled/invalid ISBN | 9004161554 (alk. paper) |
| 040 ## - CATALOGING SOURCE | |
| Original cataloging agency | CaPaEBR |
| Transcribing agency | CaPaEBR |
| 035 ## - SYSTEM CONTROL NUMBER | |
| System control number | (OCoLC)646789837 |
| 050 14 - LIBRARY OF CONGRESS CALL NUMBER | |
| Classification number | KZA1348 |
| Item number | .G55 2007eb |
| 082 04 - DEWEY DECIMAL CLASSIFICATION NUMBER | |
| Classification number | 341.4/5 |
| Edition number | 22 |
| 100 1# - MAIN ENTRY--PERSONAL NAME | |
| Personal name | Gillis, Ralph J. |
| 245 10 - TITLE STATEMENT | |
| Title | Navigational servitudes |
| Medium | [electronic resource] : |
| Remainder of title | sources, applications, paradigms / |
| Statement of responsibility, etc | Ralph J. Gillis. |
| 260 ## - PUBLICATION, DISTRIBUTION, ETC. (IMPRINT) | |
| Place of publication, distribution, etc | Leiden ; |
| -- | Boston : |
| Name of publisher, distributor, etc | Martinus Nijhoff Publishers, |
| Date of publication, distribution, etc | 2007. |
| 300 ## - PHYSICAL DESCRIPTION | |
| Extent | xv, 412 p. |
| 504 ## - BIBLIOGRAPHY, ETC. NOTE | |
| Bibliography, etc | Includes bibliographical references (p. [387]-404) and index. |
| 505 0# - FORMATTED CONTENTS NOTE | |
| Formatted contents note | Navigational servitudes : sources--publicists & prerogative -- Navigational servitudes : transmittal, consolidation & merger -- Navigational servitudes : sources & public trust, prerogative & constitution -- Navigational servitudes : parallels--conventional law of the sea -- Navigational servitudes : parallels--historic waters, cases, conferences & publicists -- Navigational servitudes : paradigm--commerce in the balance -- Navigational servitudes : public trust of the oceans. |
| 533 ## - REPRODUCTION NOTE | |
| Type of reproduction | Electronic reproduction. |
| Place of reproduction | Palo Alto, Calif. : |
| Agency responsible for reproduction | ebrary, |
| Date of reproduction | 2013. |
| Note about reproduction | Available via World Wide Web. |
| -- | Access may be limited to ebrary affiliated libraries. |
| 600 10 - SUBJECT ADDED ENTRY--PERSONAL NAME | |
| Personal name | Grotius, Hugo, |
| Dates associated with a name | 1583-1645. |
| Title of a work | Mare liberum. |
| Personal name | Selden, John, |
| Dates associated with a name | 1584-1654. |
| Title of a work | Mare clausum. |
| 650 #0 - SUBJECT ADDED ENTRY--TOPICAL TERM | |
| Topical term or geographic name as entry element | Freedom of the seas. |
| Topical term or geographic name as entry element | Law of the sea. |
| Topical term or geographic name as entry element | Territorial waters. |
| Topical term or geographic name as entry element | Economic zones (Law of the sea) |
| 655 #7 - INDEX TERM--GENRE/FORM | |
| Genre/form data or focus term | Electronic books. |
| Source of term | local |
| 710 2# - ADDED ENTRY--CORPORATE NAME | |
| Corporate name or jurisdiction name as entry element | ebrary, Inc. |
| 856 40 - ELECTRONIC LOCATION AND ACCESS | |
| Uniform Resource Identifier | <a href="http://site.ebrary.com/lib/rucke/Doc?id=10271015">http://site.ebrary.com/lib/rucke/Doc?id=10271015</a> |
| Public note | An electronic book accessible through the World Wide Web; click to view |
No items available.
